000 00811nam a2200229 i 4500
001 41235
003 ES-MaACL
005 20251105063128.0
007 t|
008 030310q19111919sp ||||1| spa d
100 1 _aLas Cases, Philippe de,
_d1881-1962
_971820
245 1 3 _aEl paro forzoso /
_cpor F. de las Cases ; versión castellana de José Menéndez Novella.
260 _aMadrid :
_bSaturnino Calleja Fernández,
_c[191-?]
300 _a222 p. ;
_c20 cm.
490 1 _aCiencia y acción : estudios sociales. Primera serie
500 _aNombre del autor en la cub.: Ph. de Les Cases.
650 0 7 _aParo
_2embne
_915844
700 1 _aMenéndez Novella, José.
_980307
830 0 0 _aCiencia y acción.
_pEstudios sociales
_9187220
852 _aES-MaACL
_jF-1703
999 _c41235
_d41235